Pilotes de F1 qui ont roulé chez McLaren - Mort Subite - Statistiques

Statistiques générales
  • Ce quiz a été pris 233 fois
  • Le résultat moyen est 6 sur 15
Answers on the Grid
Answers color-coded by a green-red scale on the quiz's grid according to % correct below.
Bruce McLaren
Denny Hulme
Emerson Fittipaldi
Patrick Tambay
Niki Lauda
Gerhard Berger
Mika Häkkinen
Alexander Wurz
Pedro de la Rosa
Heikki Kovalainen
Kevin Magnussen
Oscar Piastri
Stoffel Vandoorne
John Watson
Jochen Mass
Felipe Massa
Robert Kubica
Hans-Joachim Stuck
Johnny Servoz-Gavin
Eddie Irvine
Mika Salo
Nico Hülkenberg
Marcus Ericsson
Jonathan Palmer
Robin Widdows
 
Statistiques - réponses
Réponse % Correct
Oscar Piastri
84%
Mika Häkkinen
69%
Bruce McLaren
65%
Niki Lauda
62%
Heikki Kovalainen
49%
Stoffel Vandoorne
49%
Kevin Magnussen
46%
Emerson Fittipaldi
39%
Pedro de la Rosa
26%
Gerhard Berger
25%
Denny Hulme
23%
Jochen Mass
18%
John Watson
15%
Patrick Tambay
15%
Alexander Wurz
13%
Aucun quiz correspondant
Distribution des résultats
% des personnes avec chaque résultat
Percentile par nombre de réponses
Votre historique - résultats
Vous n’avez pas pris ce quiz